Platební karty míří vzhůru
Používanie tuzemských a medzinárodných platobných kariet. Medzinárodná asociácia Eurocard/MasterCard. Sieť bankomatov v Európe a vo svete. Ponuka Komerčnej banky, a.s. v systéme používania platobných kariet.
Gespeichert in:
| 1. Verfasser: | |
|---|---|
| Format: | Buchkapitel |
| Sprache: | Tschechisch |
| Schlagworte: | |
| Tags: |
Keine Tags, Fügen Sie das erste Tag hinzu!
|
MARC
| LEADER | 00000naa a2200000 4500 | ||
|---|---|---|---|
| 001 | r014184 | ||
| 005 | 20221213082711.5 | ||
| 041 | 0 | |a cze | |
| 044 | |a CZ | ||
| 245 | 1 | 0 | |a Platební karty míří vzhůru |c P. Jurík |
| 520 | |a Používanie tuzemských a medzinárodných platobných kariet. Medzinárodná asociácia Eurocard/MasterCard. Sieť bankomatov v Európe a vo svete. Ponuka Komerčnej banky, a.s. v systéme používania platobných kariet. | ||
| 610 | 2 | 0 | |a karty platobné |
| 610 | 2 | 0 | |a bankomaty |
| 610 | 2 | 0 | |a Komerční banka, a.s. Praha |
| 610 | 2 | 0 | |a Eurocard/MasterCard |
| 610 | 2 | 0 | |a Česko |
| 610 | 2 | 0 | |a styk platobný bezhotovostný |
| 100 | 1 | |a Jurík, P. | |